000 00993nam a2200241 i 4500
001 77651
003 ES-MaACL
005 20250422132632.0
007 t|
008 041029s1861 sp |||| | spa d
080 _a061.21(460.27) Ateneo
110 2 _aAteneo de Madrid.
_91875
245 1 0 _aMemoria leída en el Ateneo Científico, Literario y Artístico de Madrid, en la Junta General de 31 de diciembre de 1860 /
_cpor D. Fernando Fulgosio, secretario primero del mismo.
260 _aMadrid :
_b[s.n.],
_c1861 (
_fImp. de Tejado)
300 _a23 p. ;
_c25 cm.
610 2 4 _aAteneo de Madrid-
_vMemorias de Secretaría.
_91929
610 2 4 _aAteneo de Madrid-
_vObras digitalizadas.
_91930
700 1 _aFulgosio, Fernando.
_952994
852 4 _aES-MaACL
_j2184-F-17
_zRevisado enlace: 22 de Abril de 2025
_cDEPOF
_qEjemplar fotocopiado
856 4 _uhttp://www.ateneodemadrid.net/biblioteca_digital/folletos/Memoria-1860.pdf
_yVer documento
942 _2udc
999 _c77651
_d77651